NAGRI NAGRI PHERA MUSAFAR SAFAR NAMA (Record no. 582400)
[ view plain ]
| 000 -LEADER | |
|---|---|
| fixed length control field | 00291nam a22001217a 4500 |
| 082 ## - DEWEY DECIMAL CLASSIFICATION NUMBER | |
| Classification number | 910.4 INS |
| 100 ## - MAIN ENTRY--PERSONAL NAME | |
| Personal name | IBNE-E-INSHAH |
| 9 (RLIN) | 77072 |
| 245 ## - TITLE STATEMENT | |
| Title | NAGRI NAGRI PHERA MUSAFAR SAFAR NAMA |
| 260 ## - PUBLICATION, DISTRIBUTION, ETC. | |
| Place of publication, distribution, etc. | LAHORE |
| Name of publisher, distributor, etc. | LAHORE ACADEMY |
| Date of publication, distribution, etc. | 1997 |
| 300 ## - PHYSICAL DESCRIPTION | |
| Extent | 240P |
| 650 ## - SUBJECT ADDED ENTRY--TOPICAL TERM | |
| Topical term or geographic name entry element | SAFAR NAMA |
| 9 (RLIN) | 3522 |
| 942 ## - ADDED ENTRY ELEMENTS (KOHA) | |
| Koha item type | Book |
| Withdrawn status | Lost status | Damaged status | Not for loan | Permanent Location | Current Location | Shelving location | Date acquired | Total Checkouts | Full call number | Barcode | Date last seen | Price effective from | Koha item type |
|---|---|---|---|---|---|---|---|---|---|---|---|---|---|
| College of Electrical & Mechanical Engineering (CEME) | College of Electrical & Mechanical Engineering (CEME) | General Stacks | 06/05/2017 | 910.4 INS | CEME1-32827 | 06/28/2021 | 06/28/2021 | Book |
